Vidas de los ilustres capitanes /

Cornelio Nepote (c. 99 - c. 24 a.C.), historiador romano, autor del más antiguo libro de biografías latinas que se conoce; De virilis illustribus, constituido por dieciséis volúmenes, presenta la vida de generales, historiadores y literatos latinos y extranjeros; su estructura fue retomada por Pluta...

Descripció completa

Guardat en:
Dades bibliogràfiques
Autor principal: Nepote, Cornelio (autor)
Altres autors: Millares Carlo, Agustín (introducción y traducción) (introducción y traducción)
Format: Llibre
Idioma:espanyol
Publicat: México : Secretaría de Educación Pública 1985, c1985
Col·lecció:(Cien del Mundo)
Matèries:
Etiquetes: Afegir etiqueta
Sense etiquetes, Sigues el primer a etiquetar aquest registre!

MARC

LEADER 00000nam^a2200000^a^4500
001 000187068
005 20250521000000.0
009 20260310102247.642
020 |a 968-29-0559-1 
037 |a Acervo ITESO - Biblioteca 
041 |a ESP 
082 |a 945. 012  |b NEP 
100 |a Nepote, Cornelio  |e (autor) 
245 1 0 |a Vidas de los ilustres capitanes /  |c C. Nepote ; introd. y tr. por A. Millares Carlo. 
264 4 |a México :  |b Secretaría de Educación Pública  |c 1985, c1985 
300 |a 186 p. 
336 |a texto  |b txt  |2 rdacontenido 
337 |a sin mediación  |b n  |2 rdamedio 
338 |a volumen  |b nc  |2 rdasoporte 
440 1 |a (Cien del Mundo) 
520 |a Cornelio Nepote (c. 99 - c. 24 a.C.), historiador romano, autor del más antiguo libro de biografías latinas que se conoce; De virilis illustribus, constituido por dieciséis volúmenes, presenta la vida de generales, historiadores y literatos latinos y extranjeros; su estructura fue retomada por Plutarco para su Vidas. La obra se conserva incompleta y también se perdieron otros textos de Nepote, como Chronica y Exempla. 
649 |a XX 
650 |a Militares Romanos -  |x Biografías -  |x Tema Principal 
650 |a Latinos -  |x Biografías 
650 |a Biografías 
650 |a Literatura Latina -  |y Siglo I a.C. 
650 |a Literatura Clásica -  |y Siglo I a.C. 
650 |a Roma -  |x Historia -  |y República, 509-31 a.C 
650 |a Roma -  |x Historia -  |y Imperio, 31 a.C.-476 d.C 
650 |a Historia Antigua 
700 |a Millares Carlo, Agustín  |e (introducción y traducción) 
910 |a Fondo General 
920 |a Impresos - Libros 
930 |a Colección General 
905 |a 101 
901 |a 0500129046  |b IT1  |c ACC  |u 20250521 
902 |a https://opac.biblio.iteso.mx/vufind/Record/000187068